| 000 | 00580nam a22001937a 4500 | ||
|---|---|---|---|
| 005 | 20251108164749.0 | ||
| 008 | 250721s1977 xx 000 0 ara d | ||
| 082 | 1 | 4 | _a811.9563/حسي |
| 100 | 1 | _aعبد اللطيف، حسين | |
| 245 | 1 | 0 | _aعلى الطرقات أراقب المارة / |
| 264 | 1 |
_aبغداد : _bوزارة الإعلام، _c1977. |
|
| 300 | _a120ص | ||
| 490 | 0 | _aسلسلة كتابات جديدة ؛ 23 | |
| 650 | 1 | 7 | _aالشعر العربي |
| 650 | 1 | 7 | _aالعصر الحديث |
| 650 | 1 | 7 | _aالعراق |
| 942 |
_2ddc _cBK |
||
| 999 |
_c13761 _d13761 |
||